Science Vocabulary #1 - Statistics

General Stats
  • This quiz has been taken 14 times
  • The average score is 2 of 10
Answer Stats
Hint Answer % Correct
Facts figures and other evidence collected in a scientific investigation. Data
50%
A way of learning about the natural world. science
50%
Means using one or more of your senses to gather information. observing
17%
An attitude of having doubt (keeps scientists from accepting faulty ideas). skepticism
17%
Involves evaluating observations and data to reach a conclusion about them. analyzing
8%
Grouping together items that are alike in some way. classifying
8%
When you explain or interpret things you observe. inferring
0%
Making a statement or a claim on what will happen in the future based on past experience or evidence. predicting
0%
A set of beliefs that may make use of science. pseudoscience
0%
Deals with numbers or amounts. quantitative obseration
0%
No matching quizzes found
Score Distribution
Percent of People with Each Score
Percentile by Number Answered
Your Score History
You have not taken this quiz